| 000 | 00395nam a2200169Ia 4500 | ||
|---|---|---|---|
| 008 | 151213s9999 xx 000 0 und d | ||
| 020 | _a435905252 | ||
| 100 | _aChinua Achobe | ||
| 245 |
_aThings Fall Apart _cChinua Achobe |
||
| 250 | _a1 s | ||
| 260 |
_aU.S.A _bJordan Hill _c1996 |
||
| 300 | _a4163 p. | ||
| 650 | _aEnglish | ||
| 650 | _aEnglish | ||
| 700 | _aChinua Achobe | ||
| 999 |
_c2589 _d2589 |
||